00449 2200181 4500001002100000005001500021008004100036020002200077035001900099041000700118082001000125090001600135100002700151245001800178260003100196300002600227650001400253INLIS00000000000357520241224112741241224||||||||| | ||| |||| || |  a978-979-078-399-7 0010-1224003575 aid0 a613.7 a613.7 YOH y0 aYohana E. Hardjadinata00aYoga For Baby aJakartabDian Rakyatc2011 a64 hlm.; ilus.: 21 cm 0akesehatan